[Event "Warsaw Maciei Memorial"]
[Site "Warsaw"]
[Date "2025.07.07"]
[Round "11"]
[White "Karvatskyi, Oleksii"]
[Black "Paszewski, Mateusz"]
[Result "1-0"]
[WhiteElo "2258"]
[BlackElo "2360"]
[PlyCount "47"]
[EventDate "2025.07.07"]
[EventType "swiss (blitz)"]
[EventRounds "11"]
[EventCountry "POL"]
[SourceTitle "CB28_2025"]
[SourceDate "2025.07.09"]
[SourceVersion "1"]
[SourceVersionDate "2025.07.09"]
[SourceQuality "1"]

1. Nc3 d5 2. e4 c6 3. d4 dxe4 4. Nxe4 Nf6 5. Nxf6+ exf6 6. Be3 Bd6 7. Bd3 Na6 8. c3 0-0 9. Qc2 h5 10. Ne2 Nc7 11. Ng3 h4 12. Nf5 Bxf5 13. Bxf5 Nd5 14. 0-0-0 Qa5 15. Kb1 b5 16. Bd2 Qc7 17. g3 g6 18. gxh4 Kg7 19. Rhg1 Rh8 20. Bxg6 fxg6 21. Qxg6+ Kf8 22. Bh6+ Rxh6 23. Qxh6+ Ke8 24. Rg8+ 1-0

[Event "Warsaw Maciei Memorial"]
[Site "Warsaw"]
[Date "2025.07.07"]
[Round "2"]
[White "Paszewski, Mateusz"]
[Black "Kraczek, Cezary"]
[Result "1-0"]
[WhiteElo "2360"]
[BlackElo "2059"]
[PlyCount "165"]
[EventDate "2025.07.07"]
[EventType "swiss (blitz)"]
[EventRounds "11"]
[EventCountry "POL"]
[SourceTitle "CB28_2025"]
[SourceDate "2025.07.09"]
[SourceVersion "1"]
[SourceVersionDate "2025.07.09"]
[SourceQuality "1"]

1. Nf3 Nf6 2. c4 g6 3. b3 Bg7 4. Bb2 0-0 5. g3 d5 6. cxd5 Nxd5 7. Bxg7 Kxg7 8. Bg2 c5 9. 0-0 Nc6 10. d4 cxd4 11. Nxd4 Nxd4 12. Qxd4+ Nf6 13. Qb2 Qa5 14. Nc3 Kg8 15. Rfd1 Bf5 16. Bxb7 Rad8 17. Bg2 Rxd1+ 18. Rxd1 Rd8 19. Rd2 h5 20. h3 h4 21. g4 Be6 22. Rxd8+ Qxd8 23. Qc1 Qa5 24. Qd2 Qb6 25. e3 Nd7 26. Qd4 Qc7 27. Bd5 Bxd5 28. Nxd5 Qc1+ 29. Kg2 Qc6 30. e4 Qe6 31. f3 Ne5 32. Qc5 Kf8 33. a4 g5 34. b4 Ng6 35. b5 Qe5 36. Qc8+ Kg7 37. Qc3 Nf4+ 38. Kh2 Qxc3 39. Nxc3 Nd3 40. a5 Nc5 41. Nd5 e6 42. Nb4 Kf6 43. Nc6 a6 44. b6 Nb7 45. Kg2 e5 46. Kf2 Ke6 47. Ke3 f6 48. Kd3 Kd6 49. Nb4 Nxa5 50. Nxa6 Kc6 51. Nb4+ Kxb6 52. Nd5+ Kc5 53. Nxf6 Nb3 54. Nh7 Nc1+ 55. Ke3 Kd6 56. Nxg5 Ke7 57. f4 exf4+ 58. Kxf4 Nd3+ 59. Ke3 Ne1 60. Nf3 Ng2+ 61. Kd4 Nf4 62. Nxh4 Nxh3 63. Ke5 Nf2 64. Kf5 Nd1 65. g5 Ne3+ 66. Ke5 Ng4+ 67. Kf4 Nf2 68. Nf5+ Ke6 69. Nd4+ Kf7 70. e5 Nd3+ 71. Ke4 Nf2+ 72. Kf5 Nd3 73. e6+ Ke7 74. g6 Kf8 75. Kf6 Nf4 76. e7+ Ke8 77. Nf5 Nd5+ 78. Ke6 Nf4+ 79. Kf6 Nd5+ 80. Kg5 Nxe7 81. Nxe7 Kxe7 82. Kh6 Kf8 83. Kh7 1-0

[Event "Warsaw Maciei Memorial"]
[Site "Warsaw"]
[Date "2025.07.07"]
[Round "10"]
[White "Paszewski, Mateusz"]
[Black "Malek, Jan"]
[Result "0-1"]
[WhiteElo "2360"]
[BlackElo "2499"]
[PlyCount "44"]
[EventDate "2025.07.07"]
[EventType "swiss (blitz)"]
[EventRounds "11"]
[EventCountry "POL"]
[SourceTitle "CB28_2025"]
[SourceDate "2025.07.09"]
[SourceVersion "1"]
[SourceVersionDate "2025.07.09"]
[SourceQuality "1"]

1. Nf3 e6 2. c4 d5 3. e3 Bd6 4. Nc3 Nf6 5. b3 0-0 6. Bb2 a6 7. Be2 Re8 8. Qc2 c5 9. cxd5 exd5 10. d4 cxd4 11. Nxd4 Nc6 12. Rd1 Qc7 13. h3 Nxd4 14. Rxd4 Be5 15. Rd2 d4 16. exd4 Bf4 17. Rd1 b5 18. Qd3 b4 19. Na4 Bd7 20. Qc4 Bb5 21. Qxc7 Rxe2+ 22. Kf1 Bxc7 0-1

[Event "Zupanja 70 GM1"]
[Site "Zupanja"]
[Date "2025.06.05"]
[Round "3"]
[White "Paszewski, Mateusz"]
[Black "Panic, Nenad"]
[Result "1-0"]
[WhiteElo "2361"]
[BlackElo "2311"]
[PlyCount "75"]
[EventDate "2025.06.03"]
[EventType "tourn"]
[EventRounds "9"]
[EventCountry "CRO"]
[EventCategory "6"]
[SourceTitle "CB27_2025"]
[SourceDate "2025.07.02"]
[SourceVersion "1"]
[SourceVersionDate "2025.07.02"]
[SourceQuality "1"]

1. e4 c5 2. Nf3 e6 3. d4 cxd4 4. Nxd4 a6 5. Bd3 Nc6 6. Nxc6 dxc6 7. Bf4 Ne7 8. Be3 Ng6 9. Nd2 e5 10. a3 b5 11. h4 Bd6 12. Nb3 0-0 13. a4 Rb8 14. axb5 axb5 15. h5 Ne7 16. g4 Kh8 17. Qf3 Ng8 18. Rg1 Qe7 19. Nd2 Bc5 20. Ke2 Bxe3 21. Qxe3 c5 22. b3 Be6 23. Ra5 Qd7 24. f3 Rfc8 25. c4 bxc4 26. Bxc4 Bxc4+ 27. Nxc4 Qe7 28. Rd1 Rc6 29. Rd5 Rbc8 30. Nxe5 R6c7 31. Rdxc5 Nf6 32. Rxc7 Qxc7 33. Nc4 h6 34. e5 Nd7 35. Ra7 Qc6 36. Kf2 Qe6 37. Kg3 Rb8 38. Qd4 1-0

[Event "Zupanja 70 GM1"]
[Site "Zupanja"]
[Date "2025.06.03"]
[Round "1"]
[White "Paszewski, Mateusz"]
[Black "Savic, Miodrag R"]
[Result "1/2-1/2"]
[WhiteElo "2361"]
[BlackElo "2405"]
[PlyCount "51"]
[EventDate "2025.06.03"]
[EventType "tourn"]
[EventRounds "9"]
[EventCountry "CRO"]
[EventCategory "6"]
[SourceTitle "CB27_2025"]
[SourceDate "2025.07.02"]
[SourceVersion "1"]
[SourceVersionDate "2025.07.02"]
[SourceQuality "1"]

1. e4 e5 2. Nf3 Nc6 3. d4 exd4 4. Bc4 d6 5. Nxd4 Nxd4 6. Qxd4 Qf6 7. Qd3 Ne7 8. Nc3 Nc6 9. Nd5 Qd8 10. f4 Na5 11. Bd2 Nxc4 12. Qxc4 c6 13. Ne3 Qb6 14. 0-0-0 Be6 15. Qd3 f6 16. Bc3 0-0-0 17. Rhe1 Be7 18. Kb1 Rhe8 19. b3 Kb8 20. g4 Bf8 21. Bd4 Qc7 22. c4 Qc8 23. h3 Bf7 24. Kb2 h5 25. f5 hxg4 26. hxg4 1/2-1/2

[Event "AUT-chT Rapid"]
[Site "Pasching"]
[Date "2025.06.01"]
[Round "5.12"]
[White "Baidetsky, Valentin"]
[Black "Paszewski, Mateusz"]
[Result "1-0"]
[WhiteElo "2498"]
[BlackElo "2361"]
[PlyCount "61"]
[EventDate "2025.06.01"]
[EventType "team-swiss (rapid)"]
[EventRounds "9"]
[EventCountry "AUT"]
[SourceTitle "CB23_2025"]
[SourceDate "2025.06.04"]
[SourceVersion "1"]
[SourceVersionDate "2025.06.04"]
[SourceQuality "1"]
[WhiteTeam "Pinggau Friedberg"]
[BlackTeam "Elite Team"]
[WhiteTeamCountry "AUT"]
[BlackTeamCountry "POL"]

1. e4 c6 2. d4 d5 3. e5 Bf5 4. Bd3 Bxd3 5. Qxd3 e6 6. Ne2 c5 7. c3 Nc6 8. 0-0 Qb6 9. a3 Nge7 10. b4 cxd4 11. cxd4 Nf5 12. Bb2 Be7 13. Nd2 0-0 14. Nf3 Rac8 15. Bc1 a5 16. b5 Na7 17. a4 Rc4 18. g4 Nh4 19. Nxh4 Bxh4 20. g5 f6 21. gxf6 gxf6 22. Qh3 Bg5 23. f4 fxe5 24. fxg5 Rxf1+ 25. Kxf1 exd4 26. Nf4 Rxa4 27. Rxa4 Qxb5+ 28. Ke1 Qxa4 29. Qxe6+ Kf8 30. Nxd5 Nc6 31. g6 1-0

[Event "AUT-chT Rapid"]
[Site "Pasching"]
[Date "2025.06.01"]
[Round "9.12"]
[White "Movsesian, Sergei"]
[Black "Paszewski, Mateusz"]
[Result "1/2-1/2"]
[WhiteElo "2598"]
[BlackElo "2361"]
[PlyCount "120"]
[EventDate "2025.06.01"]
[EventType "team-swiss (rapid)"]
[EventRounds "9"]
[EventCountry "AUT"]
[SourceTitle "CB23_2025"]
[SourceDate "2025.06.04"]
[SourceVersion "1"]
[SourceVersionDate "2025.06.04"]
[SourceQuality "1"]
[WhiteTeam "Linz ASV II"]
[BlackTeam "Elite Team"]
[WhiteTeamCountry "AUT"]
[BlackTeamCountry "POL"]

1. e4 c6 2. d4 d5 3. e5 Bf5 4. Nd2 e6 5. Nb3 Ne7 6. Nf3 Ng6 7. Be2 Nd7 8. 0-0 f6 9. exf6 Qxf6 10. c4 Bd6 11. Bg5 Qf7 12. Be3 0-0 13. Qd2 h6 14. Na5 Rab8 15. b4 Nf6 16. b5 cxb5 17. cxb5 Ne4 18. Qb2 Qe7 19. Rab1 Ba3 20. Qb3 Rbc8 21. b6 Nc3 22. Rbe1 Bb4 23. Nxb7 Qxb7 24. Qxb4 Nxe2+ 25. Rxe2 Bd3 26. Rb2 Bxf1 27. Kxf1 axb6 28. Qxb6 Qxb6 29. Rxb6 Rfe8 30. h4 Rb8 31. Rc6 Rbc8 32. Rb6 Rb8 33. Rc6 Rb1+ 34. Ke2 Rb2+ 35. Kf1 Rxa2 36. h5 Nh8 37. Ne5 Nf7 38. Ng6 e5 39. g3 Ra4 40. Rc7 exd4 41. Bf4 Ra1+ 42. Kg2 Rae1 43. Rd7 Ng5 44. Rxd5 Rd1 45. Rd7 Ree1 46. Bxg5 hxg5 47. Ne7+ Kf8 48. Ng6+ Kg8 49. Ne7+ Kf8 50. Ng6+ Ke8 51. Rxg7 Rh1 52. Re7+ Kd8 53. Re5 g4 54. Rd5+ Kc7 55. f4 Rhe1 56. Kf2 d3 57. Rxd3 Rxd3 58. Kxe1 Rxg3 59. Kf2 Rh3 60. Ne5 Rxh5 1/2-1/2

[Event "AUT-chT Blitz"]
[Site "Pasching"]
[Date "2025.05.31"]
[Round "9.15"]
[White "Wohlfahrt, Herbert J"]
[Black "Paszewski, Mateusz"]
[Result "1/2-1/2"]
[WhiteElo "2365"]
[BlackElo "2361"]
[PlyCount "69"]
[EventDate "2025.05.31"]
[EventType "team-swiss (blitz)"]
[EventRounds "13"]
[EventCountry "AUT"]
[SourceTitle "CB23_2025"]
[SourceDate "2025.06.04"]
[SourceVersion "1"]
[SourceVersionDate "2025.06.04"]
[SourceQuality "1"]
[WhiteTeam "Die Sacklpicker"]
[BlackTeam "Elite Team"]
[WhiteTeamCountry "AUT"]
[BlackTeamCountry "POL"]

1. Nf3 d5 2. c4 e6 3. g3 dxc4 4. Qa4+ Qd7 5. Qxc4 c5 6. d4 b5 7. Qc3 cxd4 8. Qxd4 Bb7 9. Qxd7+ Nxd7 10. Bg2 Ngf6 11. 0-0 Bc5 12. Nc3 a6 13. Bf4 Ke7 14. Ne5 Bxg2 15. Kxg2 Nxe5 16. Bxe5 Rhd8 17. Bxf6+ gxf6 18. Rfd1 f5 19. Kf3 Bd4 20. Rac1 Rac8 21. e3 Bf6 22. Ke2 Rxd1 23. Kxd1 Bxc3 24. bxc3 Rc4 25. Kc2 h5 26. Kb3 h4 27. Rd1 hxg3 28. hxg3 Rc6 29. Rd4 Kf6 30. c4 bxc4+ 31. Rxc4 Rb6+ 32. Rb4 Rd6 33. Rd4 Rb6+ 34. Rb4 Rd6 35. Rd4 1/2-1/2

[Event "Budapest One Week GM-A 12"]
[Site "Budapest"]
[Date "2024.12.19"]
[Round "8"]
[White "Paszewski, Mateusz"]
[Black "Sklokin, Sergey"]
[Result "1/2-1/2"]
[WhiteElo "2344"]
[BlackElo "2329"]
[PlyCount "84"]
[EventDate "2024.12.16"]
[EventType "tourn"]
[EventRounds "9"]
[EventCountry "HUN"]
[EventCategory "6"]
[SourceTitle "CB52_2024"]
[SourceDate "2024.12.25"]
[SourceVersion "1"]
[SourceVersionDate "2024.12.25"]
[SourceQuality "1"]

1. e4 c6 2. d4 d5 3. e5 Bf5 4. h4 h6 5. g4 Be4 6. f3 Bh7 7. e6 Nf6 8. Bd3 Qd6 9. exf7+ Kxf7 10. Ne2 Nbd7 11. Nbc3 e5 12. Bxh7 Rxh7 13. Be3 c5 14. dxc5 Qe6 15. Rg1 g5 16. hxg5 hxg5 17. Bxg5 Bxc5 18. Rf1 Rah8 19. Qd3 Rh1 20. 0-0-0 Rxf1 21. Rxf1 d4 22. Nb1 Qxa2 23. Bxf6 Kxf6 24. f4 Qa6 25. Qf3 Ke7 26. Rd1 Rh2 27. Ng3 exf4 28. Nf5+ Kd8 29. Nxd4 Bxd4 30. Rxd4 Qc6 31. Qxc6 bxc6 32. Nc3 f3 33. Nd1 Kc7 34. Ra4 Ne5 35. g5 Kd6 36. Rf4 Rg2 37. Rf5 Ke6 38. Rf6+ Kd5 39. Rxf3 Nxf3 40. Ne3+ Ke4 41. Nxg2 Nxg5 42. Ne1 Ke5 1/2-1/2

[Event "Budapest One Week GM-A 12"]
[Site "Budapest"]
[Date "2024.12.18"]
[Round "5"]
[White "Berczes, David"]
[Black "Paszewski, Mateusz"]
[Result "1/2-1/2"]
[WhiteElo "2407"]
[BlackElo "2344"]
[PlyCount "21"]
[EventDate "2024.12.16"]
[EventType "tourn"]
[EventRounds "9"]
[EventCountry "HUN"]
[EventCategory "6"]
[SourceTitle "CB52_2024"]
[SourceDate "2024.12.25"]
[SourceVersion "1"]
[SourceVersionDate "2024.12.25"]
[SourceQuality "1"]

1. d4 d5 2. Nf3 Nf6 3. Bf4 c5 4. e3 Nc6 5. Nbd2 Bg4 6. Bb5 e6 7. 0-0 cxd4 8. exd4 Bd6 9. Bxd6 Qxd6 10. c3 0-0 11. Bd3 1/2-1/2

[Event "POL-chT 1st League"]
[Site "Darlowo"]
[Date "2024.09.14"]
[Round "1.20"]
[White "Paszewski, Mateusz"]
[Black "Mis, Mieszko"]
[Result "1-0"]
[WhiteElo "2299"]
[BlackElo "2363"]
[PlyCount "49"]
[EventDate "2024.09.14"]
[EventType "team-swiss"]
[EventRounds "9"]
[EventCountry "POL"]
[SourceTitle "EXT 2025"]
[Source "ChessBase"]
[SourceDate "2024.10.14"]
[SourceVersion "1"]
[SourceVersionDate "2024.10.14"]
[SourceQuality "1"]

1. Nf3 d5 2. e3 Nf6 3. c4 e6 4. Nc3 Be7 5. b3 0-0 6. Bb2 dxc4 7. bxc4 c5 8. Qc2 b6 9. Ng5 Bb7 10. h4 Nbd7 11. Bd3 h6 12. Bh7+ Kh8 13. f4 Bxg2 14. Rh2 Bf3 15. Nxf3 Nxh7 16. 0-0-0 f5 17. Rg1 Nhf6 18. Ng5 hxg5 19. hxg5+ Kg8 20. g6 Ng4 21. Rxg4 Ne5 22. Rg1 Nd3+ 23. Qxd3 Qxd3 24. Rgh1 Rfb8 25. Rh8# 1-0

[Event "Abu Dhabi op-A 30th"]
[Site "Abu Dhabi"]
[Date "2024.08.16"]
[Round "2"]
[White "Monnisha, GK."]
[Black "Paszewski, Mateusz"]
[Result "1/2-1/2"]
[WhiteElo "2182"]
[BlackElo "2351"]
[PlyCount "75"]
[EventDate "2024.08.15"]
[EventType "swiss"]
[EventRounds "9"]
[EventCountry "UAE"]
[SourceTitle "EXT 2025"]
[Source "ChessBase"]
[SourceDate "2024.10.14"]
[SourceVersion "1"]
[SourceVersionDate "2024.10.14"]
[SourceQuality "1"]

1. e4 c6 2. d4 d5 3. exd5 cxd5 4. c4 Nf6 5. Nc3 Nc6 6. Bg5 dxc4 7. d5 Ne5 8. Qd4 h6 9. Bf4 Ng6 10. Bg3 e5 11. Qxc4 Bf5 12. Nf3 Bd6 13. Qa4+ Bd7 14. Qb3 0-0 15. Bd3 Nf4 16. Bxf4 exf4 17. 0-0 Rb8 18. Rfe1 Re8 19. Rxe8+ Bxe8 20. Re1 Bc5 21. Qc4 Qb6 22. Re2 Qb4 23. Ne4 Nxe4 24. Qxb4 Bxb4 25. Rxe4 Bd6 26. Ne5 Rd8 27. Nc4 Kf8 28. Nxd6 Rxd6 29. Rxf4 Rxd5 30. Rf3 Bb5 31. Bxb5 Rxb5 32. b3 Rc5 33. g3 b5 34. b4 Rc4 35. Ra3 Rxb4 36. Rxa7 g6 37. Rb7 Ra4 38. Rxb5 1/2-1/2

[Event "Balatonlelle Rigo Memorial GM 3rd"]
[Site "Balatonlelle"]
[Date "2024.06.18"]
[Round "7"]
[White "Deuer, Marius"]
[Black "Paszewski, Mateusz"]
[Result "1-0"]
[WhiteElo "2435"]
[BlackElo "2349"]
[PlyCount "79"]
[EventDate "2024.06.12"]
[EventType "tourn"]
[EventRounds "9"]
[EventCountry "HUN"]
[EventCategory "6"]
[SourceTitle "CBM 220 Extra"]
[Source "ChessBase"]
[SourceDate "2024.07.31"]
[SourceVersion "1"]
[SourceVersionDate "2024.07.31"]
[SourceQuality "1"]

1. d4 Nf6 2. c4 e6 3. Nc3 Bb4 4. e3 0-0 5. Nge2 d5 6. a3 Be7 7. cxd5 exd5 8. Nf4 c6 9. Bd3 Re8 10. 0-0 Nbd7 11. Bd2 Nf8 12. f3 Bd6 13. Kh1 Ng6 14. Nxg6 hxg6 15. e4 dxe4 16. fxe4 Bc7 17. Be3 Ng4 18. Qf3 Nxe3 19. Qxe3 Be6 20. e5 Bb6 21. Ne2 Qd5 22. Rac1 Rad8 23. Rf4 Qb3 24. Qd2 c5 25. Rf3 cxd4 26. Nf4 Qa4 27. Nxe6 Rxe6 28. Bc4 Qd7 29. Rcf1 Rf8 30. Qf4 Qe7 31. Qe4 Bc5 32. b4 Bb6 33. Bxe6 Qxe6 34. Qxb7 Qxe5 35. Rxf7 Rxf7 36. Qxf7+ Kh7 37. Qf4 Qe2 38. Qf3 Qe5 39. Rc1 g5 40. Qh5+ 1-0

[Event "Balatonlelle Rigo Memorial GM 3rd"]
[Site "Balatonlelle"]
[Date "2024.06.16"]
[Round "5"]
[White "Sathvik, Adiga"]
[Black "Paszewski, Mateusz"]
[Result "1-0"]
[WhiteElo "2389"]
[BlackElo "2349"]
[PlyCount "143"]
[EventDate "2024.06.12"]
[EventType "tourn"]
[EventRounds "9"]
[EventCountry "HUN"]
[EventCategory "6"]
[SourceTitle "CBM 220 Extra"]
[Source "ChessBase"]
[SourceDate "2024.07.31"]
[SourceVersion "1"]
[SourceVersionDate "2024.07.31"]
[SourceQuality "1"]

1. e4 c6 2. d4 d5 3. Nc3 dxe4 4. Nxe4 Nf6 5. Nxf6+ exf6 6. c3 Bd6 7. Bd3 0-0 8. Qc2 c5 9. dxc5 Bxc5 10. Ne2 h6 11. Bf4 Nc6 12. Rd1 Qb6 13. 0-0 a5 14. Ng3 Bg4 15. Rde1 Rfe8 16. Ne4 Be7 17. Nd2 Be6 18. a4 Rad8 19. Nc4 Qc5 20. b3 Bxc4 21. Bxc4 Bd6 22. Be3 Qh5 23. h3 Qe5 24. g3 Bf8 25. Qg6 Rd7 26. Bd2 Qb8 27. Bf4 Qd8 28. Qf5 Rxe1 29. Rxe1 Re7 30. Rxe7 Qxe7 31. Qc8 Qe1+ 32. Bf1 Ne5 33. Be3 b6 34. Bxb6 Nf3+ 35. Kg2 Qe4 36. Qc4 Qb7 37. Qc7 Qe4 38. Qf4 Ne1+ 39. Kg1 Qb7 40. Qc7 Qe4 41. f4 Nf3+ 42. Kf2 Nd2 43. Bg2 Qc2 44. Kg1 Qd1+ 45. Kh2 Nf3+ 46. Bxf3 Qxf3 47. Qc4 h5 48. h4 g5 49. hxg5 h4 50. gxh4 Bd6 51. Kg1 Bxf4 52. b4 axb4 53. cxb4 fxg5 54. hxg5 Qd1+ 55. Kf2 Bxg5 56. a5 Qd2+ 57. Kf3 Qd1+ 58. Ke4 Qh1+ 59. Ke5 Be7 60. Qg4+ Kf8 61. Bc5 f6+ 62. Kd4 Qa1+ 63. Kd5 Qa2+ 64. Qc4 Qg2+ 65. Qe4 Qa2+ 66. Kc6 Qa4+ 67. Kb6 Bxc5+ 68. Kxc5 Qd7 69. Qc6 Qa7+ 70. Qb6 Qf7 71. Qd6+ Kg8 72. Qd5 1-0

[Event "Balatonlelle Rigo Memorial GM 3rd"]
[Site "Balatonlelle"]
[Date "2024.06.12"]
[Round "1"]
[White "Paszewski, Mateusz"]
[Black "Doshi, Moksh Amitbhai"]
[Result "0-1"]
[WhiteElo "2349"]
[BlackElo "2358"]
[PlyCount "130"]
[EventDate "2024.06.12"]
[EventType "tourn"]
[EventRounds "9"]
[EventCountry "HUN"]
[EventCategory "6"]
[SourceTitle "CBM 220 Extra"]
[Source "ChessBase"]
[SourceDate "2024.07.31"]
[SourceVersion "1"]
[SourceVersionDate "2024.07.31"]
[SourceQuality "1"]

1. e4 e5 2. Nc3 Nf6 3. d4 exd4 4. Qxd4 Nc6 5. Qd3 Bb4 6. Bd2 0-0 7. 0-0-0 Re8 8. Nge2 d6 9. Bg5 h6 10. Bxf6 Qxf6 11. Nd5 Qd8 12. Nxb4 Nxb4 13. Qd2 Nc6 14. Nc3 a6 15. Bc4 Be6 16. Bxe6 fxe6 17. f4 Rf8 18. h4 Qf6 19. Rdf1 Qd4 20. Qe2 Rf7 21. g3 b5 22. Rd1 Qc5 23. Qd3 Rb8 24. Kb1 Na5 25. Ne2 Nc4 26. g4 d5 27. b3 Qa3 28. Qc3 b4 29. Qa1 Ne3 30. Rdg1 Qa5 31. Qd4 Qb6 32. Rh3 Qxd4 33. Nxd4 c5 34. Nc6 Rc8 35. Ne5 d4 36. Nxf7 Kxf7 37. g5 h5 38. Rxe3 dxe3 39. Re1 Rd8 40. Rxe3 Rd1+ 41. Kb2 Rf1 42. f5 exf5 43. exf5 Rxf5 44. Re4 Rd5 45. a3 a5 46. axb4 axb4 47. Kc1 Kg6 48. c3 bxc3 49. Kc2 Rd4 50. Re6+ Kf7 51. Rc6 Rxh4 52. g6+ Ke7 53. Rxc5 Kf6 54. Rc6+ Kg5 55. Kxc3 Rf4 56. b4 h4 57. b5 h3 58. Ra6 h2 59. Ra1 Kg4 60. Rb1 Rf6 61. Kd4 Rxg6 62. Kc5 Rh6 63. Rh1 Kg3 64. b6 Kg2 65. b7 Rh8 0-1

[Event "Budapest SixDays 06 GM-A"]
[Site "Budapest"]
[Date "2024.06.05"]
[Round "4"]
[White "Paszewski, Mateusz"]
[Black "Panesar, Vedant"]
[Result "1/2-1/2"]
[WhiteElo "2349"]
[BlackElo "2460"]
[PlyCount "37"]
[EventDate "2024.06.03"]
[EventType "tourn"]
[EventRounds "9"]
[EventCountry "HUN"]
[EventCategory "6"]
[SourceTitle "CBM 220 Extra"]
[Source "ChessBase"]
[SourceDate "2024.07.31"]
[SourceVersion "1"]
[SourceVersionDate "2024.07.31"]
[SourceQuality "1"]

1. e4 e5 2. Nf3 Nc6 3. d4 exd4 4. Nxd4 Nf6 5. Nxc6 bxc6 6. Bd3 d5 7. exd5 cxd5 8. 0-0 Be7 9. c4 0-0 10. Nc3 Bb7 11. Qf3 Rb8 12. Nxd5 Nxd5 13. Be4 c6 14. cxd5 cxd5 15. Bd3 Ba8 16. b3 d4 17. Qg3 Bd6 18. Bf4 Bxf4 19. Qxf4 1/2-1/2